সহীহুল বুখারী / (Record no. 12281)
[ view plain ]
| 000 -LEADER | |
|---|---|
| fixed length control field | 01422nam a2200241 a 4500 |
| 001 - CONTROL NUMBER | |
| JCCL Control Number | 12281 |
| 003 - CONTROL NUMBER IDENTIFIER | |
| JCCL marc code | BD-JhCC |
| 005 - DATE AND TIME OF LATEST TRANSACTION | |
| control field | 20221204134024.0 |
| 008 - FIXED-LENGTH DATA ELEMENTS--GENERAL INFORMATION | |
| fixed length control field | 210921b20032020bg |||| ||a| 000 0 Ben d |
| 020 ## - INTERNATIONAL STANDARD BOOK NUMBER | |
| International Standard Book Number | 9789848766002 |
| 035 ## - SYSTEM CONTROL NUMBER | |
| system control number | (BD-JhCC)12281 |
| 040 ## - CATALOGING SOURCE | |
| Original cataloging agency | BD-JhCC |
| Modifying agency | BD-JhCC |
| 041 ## - LANGUAGE CODE | |
| Language code of Book | Bengali |
| 082 ## - DEWEY DECIMAL CLASSIFICATION NUMBER | |
| Classification number | 297.1241 |
| Author mark and Year | ALZ 2020 |
| 100 ## - MAIN ENTRY--PERSONAL NAME | |
| Personal name | আল-জু’ফী, শাইখ ইমামুলল হুজ্জাহ আবু ’আবদুল্লাহ মুহাম্মাদ বিন ইসমা’ঈল বিন ইবরাহীম বিন মুগীরহ্ আল বুখারী |
| 245 ## - TITLE STATEMENT | |
| Title | সহীহুল বুখারী / |
| Statement of responsibility, etc | শাইখ ইমামুলল হুজ্জাহ আবু ’আবদুল্লাহ মুহাম্মাদ বিন ইসমা’ঈল বিন ইবরাহীম বিন মুগীরহ্ আল বুখারী আল-জু’ফী, ফাযীলাাতুশ্ শাইখ সিদকী জামীল আল-’আত্তার (বৈরুত) |
| 260 ## - PUBLICATION, DISTRIBUTION, ETC. (IMPRINT) | |
| Place of publication, distribution, etc | ঢাকা: |
| Name of publisher, distributor, etc | তাওহীদ পাবলিকেশন্স; |
| Date of publication, distribution, etc | ২০২০. |
| 300 ## - PHYSICAL DESCRIPTION | |
| Pagination | 600 p. : |
| Dimensions | 24 cm. |
| 650 ## - SUBJECT ADDED ENTRY--TOPICAL TERM | |
| Topical term or geographic name as entry element | Hadith |
| 700 ## - ADDED ENTRY--PERSONAL NAME | |
| Personal name | (বৈরুত),ফাযীলাাতুশ্ শাইখ সিদকী জামীল আল-’আত্তার |
| 942 ## - ADDED ENTRY ELEMENTS (KOHA) | |
| Source of classification or shelving scheme | Dewey Decimal Classification |
| Koha item type | Books |
| Koha issues (borrowed), all copies | 3 |
| Source of classification or shelving scheme | volume number | Damaged status | Not for loan | Home library | Current library | Shelving location | Date of accession | Cost, normal purchase price | Total Checkouts | Full call number | Barcode | Checked out | Date last seen | Date checked out | Copy number | Koha item type |
|---|---|---|---|---|---|---|---|---|---|---|---|---|---|---|---|---|
| Dewey Decimal Classification | V-1 | JCC Rouf Library | JCC Rouf Library | General Stacks | 05/06/2023 | 455.00 | 2 | 297.1241 ALZ 2020 | 16975 | 06/10/2023 | 05/06/2023 | 05/06/2023 | C-1 | Books | ||
| Dewey Decimal Classification | V-2 | JCC Rouf Library | JCC Rouf Library | General Stacks | 05/06/2023 | 476.00 | 2 | 297.1241 ALZ 2021 | 16976 | 06/17/2025 | 05/18/2023 | C-1 | Books | |||
| Dewey Decimal Classification | V-3 | JCC Rouf Library | JCC Rouf Library | General Stacks | 11/22/2023 | 476.00 | 2 | 297.1241 ALZ 2020 | 16977 | 11/19/2025 | 10/26/2025 | 10/26/2025 | C-1 | Books | ||
| Dewey Decimal Classification | V-4 | JCC Rouf Library | JCC Rouf Library | General Stacks | 476.00 | 297.1241 ALZ 2020 | 16978 | 09/21/2021 | C-1 | Books | ||||||
| Dewey Decimal Classification | V-5 | JCC Rouf Library | JCC Rouf Library | General Stacks | 476.00 | 297.1241 ALZ 2020 | 16979 | 09/21/2021 | C-1 | Books | ||||||
| Dewey Decimal Classification | V-6 | JCC Rouf Library | JCC Rouf Library | General Stacks | 476.00 | 297.1241 ALZ 2020 | 16980 | 09/21/2021 | C-1 | Books |